000 00921nam a2200325Ia 4500
003 OSt
005 20220912144924.0
006 a|||||r|||| 00| 0
007 ta
008 220909b |||||||| |||| 00| 0 eng d
020 _a0748765344 (pbk)
024 _a79421
037 _b1950, 12/10/2007, The Book Seller
037 _cTextbook
040 _aCSL
_beng
_cCSL
041 _aeng
082 _aG116:68, P7 TG
100 _aLodge Julia
245 0 _aGene cloning
260 _aNew York
_bTaylor & Francis
_c2007
300 _aix, 462p.
_ccm.
500 _aGlossary 445-452p.; Index 453-462p.
650 _a Gene cloning
650 _a Molecular cloning
650 _aBiology
700 _a Lund Pete
700 _a Minchin Steve
942 _hG116:68, P7 TG
_cTB
_2CC
999 _c19124
_d19124